Wasabi - Little Mix - All Lyrics - Statistics

General Stats
  • This quiz has been taken 126 times
  • The average score is 338 of 417
Answer Stats
Answer % Correct
Lick
95%
(Ah!)
94%
and
94%
I
94%
"I
94%
(I
94%
sweet
94%
to
94%
hate
92%
me
92%
me,
92%
(Oh-oh)
92%
Ooh,
92%
ooh
92%
up,
92%
up
92%
up”
92%
up"
92%
about
91%
like
91%
Like,
91%
Love
91%
love
91%
you
91%
you)
91%
You,
91%
You
91%
body
89%
talk
89%
the
89%
The
89%
way,
89%
way
89%
coffee
86%
it
86%
my
86%
your
86%
do
85%
I'm
85%
(I'm
85%
salty
85%
wasabi
85%
baby,
83%
Mix
83%
be
82%
what
82%
What
82%
change
80%
down
80%
Either
80%
mind,
80%
mind
80%
break
78%
hell
78%
Stick
78%
hot
77%
know?
77%
know
77%
no
77%
solo?"
77%
conversation?
75%
say
75%
toffee,
75%
ain't
74%
how
74%
of
74%
"She
74%
she
74%
sip
74%
Wake
74%
Who,
74%
who?)
74%
can
72%
clothes"
72%
clothes”
72%
goin'
72%
"When
72%
“When
72%
All
71%
am
71%
am)
71%
at
71%
Come
71%
Look
71%
origami
71%
praise
71%
shame
71%
topic
71%
But
69%
face
69%
gonna
69%
got
69%
things
69%
wearin'
69%
drop
68%
they
68%
wearin'
68%
bet
66%
far
66%
inspiration
66%
on
66%
see
66%
shit
66%
feel
65%
Watchin'
65%
watchin'
65%
write
65%
out
63%
out)
63%
Spit
63%
ugly
63%
crazy,
62%
papers
62%
hope
60%
through
60%
words
60%
'em
58%
fold
58%
glad
58%
hatin'
58%
(Yeah,
58%
believe
57%
never
54%
Best
51%
shady
51%
view
51%
who's
49%
make
46%
these
46%
run
45%
(Yes,
43%
get
42%
(Guess
37%
into
35%
You'll
32%
(Check
20%
No matching quizzes found
Score Distribution
Percent of People with Each Score
Percentile by Number Answered
Your Score History
You have not taken this quiz